| 000 | 00554nmm a2200169Ia 4500 | ||
|---|---|---|---|
| 008 | 251105s9999||||xx |||||||||||||||||und|| | ||
| 020 | _a9789871256037 | ||
| 041 | _aspa | ||
| 100 | _aReynoso, Carlos | ||
| 245 | 0 |
_aAntropología de la música, Vol. I : _b De los géneros tribales a la globalización: teorías de la simplicidad |
|
| 264 |
_a[Buenos Aires, Argentina] : _bEditorial Sb, _c2018 |
||
| 300 | _a281 páginas | ||
| 490 | _aComplejidad humana | ||
| 650 | _aMusic | ||
| 856 | _uhttps://public.digitaliapublishing.com/a/129898 | ||
| 942 | _cCF | ||
| 999 |
_c97175 _d97175 |
||